000 00316nam a22001337a 4500
008 170712b xxu||||| |||| 00| 0 eng d
020 _a9780965036719
041 _aeng
080 _22ND
_a030
100 _a23
101 _aGJL
245 _aTHE ENCYCLOPEDIA OF WITCHES & WITCHCRAFT
_cGUILEY, R.E
942 _2udc
_cBK
999 _c20251
_d20251